000
00335nam a2200133 a 4500
005
20140414132107.0
008
100906s19uu xx 00 eng d
050
_a
M 611
_b
Se8 2002
100
_a
Seuling, Barbara
245
_a
From head to toe.
260
_a
New York :
_b
Scholastic ,
_c
2002.
650
_a
Human body
999
_c
114640
_d
114640